Najwyżej oceniani polscy piłkarze w FUT21 - Statystyki

Ogólne statystyki
  • Ten quiz został rozwiązany 175 razy
  • Średni wynik to 23 z 37
Statystyki odpowiedzi
Ocena Klub Piłkarz % Poprawnych
91 Bayern Monachium Robert Lewandowski
100%
81 Napoli / Marsylia Arkadiusz Milik
99%
87 Juventus Turyn Wojciech Szczęsny
98%
80 Napoli Piotr Zieliński
97%
80 Borussia Dortmund Łukasz Piszczek
94%
78 Hertha Berlin Krzysztof Piątek
92%
81 West Ham United Łukasz Fabiański
92%
80 Lokomotiv Grzegorz Krychowiak
90%
77 Southampton Jan Bednarek
85%
75 Benevento Kamil Glik
83%
75 Wisła Kraków Jakub Błaszczykowski
80%
74 Lokomotiv Maciej Rybus
75%
74 West Bromwich Albion Kamil Grosicki
72%
73 Leeds United Mateusz Klich
71%
76 Dynamo Kijów Tomasz Kędziora
68%
76 Bologna Łukasz Skorupski
66%
71 MKE Ankaragucu Michał Pazdan
63%
74 Torino Karol Linetty
62%
77 Augsburg Rafał Gikiewicz
62%
72 Sampdoria Bartosz Bereszyński
61%
75 Fiorentina Bartłomiej Drągowski
59%
75 Chongqing SWM Adrian Mierzejewski
55%
72 Derby County Kamil Jóźwiak
55%
71 Fortuna Dusseldorf Dawid Kownacki
54%
73 Legia Warszawa Artur Jędrzejczyk
51%
74 Eibar / Antyalyaspor Damian Kądzior
48%
71 PAOK Karol Świderski
47%
72 Chicago Fire Przemysław Frankowski
47%
73 Legia Warszawa Artur Boruc
45%
73 Kopenhaga Kamil Wilczek
45%
72 Millwall Bartosz Białkowski
32%
72 Royal Charleroi Łukasz Teodorczyk
32%
75 Rio Ave Paweł Kieszek
27%
72 Lecce Mariusz Stępiński
17%
71 Jagiellonia Białystok Taras Romanczuk
17%
72 Piast Gliwice Jakub Czerwiński
15%
72 Dinamo Bukareszt Janusz Gol
6%
Nie znaleziono quizów pasujących do podanych kryteriów
Rozkład punktacji
Procent ludzi z każdym wynikiem
Percentyl według liczby udzielonych odpowiedzi
Twoja historia wyników
Nie rozwiązałeś tego quizu